000
00243pam a2200133 a 4500
020
_c
041
_h
100
_a
P.Sudhakar
245
_a
Atmosphereic Pollution
260
_c
1993
300
_a
10
653
_a
Pollution
930
_a
933
999
_c
246786
_d
246786